|
|
|
|
| LEADER |
00000nam a2200000Ii 4500 |
| 001 |
DIGOCEANO0029 |
| 003 |
NyNyDIG |
| 006 |
m o d |
| 007 |
cr ||||||||||| |
| 008 |
240404s2017 mx o 000 0 spa d |
| 035 |
|
|
|a (OCoLC)1430189112
|
| 040 |
|
|
|a DGITA
|b eng
|e rda
|e pn
|c DGITA
|
| 020 |
|
|
|a 9786077351719
|q eBook
|
| 050 |
1 |
4 |
|a PQ6073.H68 ebook
|
| 245 |
0 |
0 |
|a Moralistas castellanos /
|c Guevara, Valdés, Vives, Saavedra Fajardo, Gracián ; estudio preliminar de Ángel del Río.
|
| 250 |
|
|
|a Primera edición en libro electrónico.
|
| 264 |
|
1 |
|a Ciudad de México :
|b Océano,
|c [2017]
|
| 300 |
|
|
|a 1 online resource.
|
| 336 |
|
|
|a text
|b txt
|2 rdacontent
|
| 337 |
|
|
|a computer
|b c
|2 rdamedia
|
| 338 |
|
|
|a online resource
|b cr
|2 rdacarrier
|
| 347 |
|
|
|a text file
|2 rdaft
|
| 347 |
|
|
|b EPUB
|
| 588 |
0 |
|
|a Online resource; title from ePub title page (Digitalia, viewed April 4, 2024)
|
| 650 |
|
0 |
|a Humanism in literature.
|
| 650 |
|
0 |
|a Christian ethics.
|
| 700 |
1 |
|
|a Guevara, Antonio de,
|d -1545?
|e author.
|
| 700 |
1 |
|
|a Valdés, Alfonso de,
|d -1532
|e author.
|
| 700 |
1 |
|
|a Vives, Juan Luis,
|d 1492-1540,
|e author.
|
| 700 |
1 |
|
|a Saavedra Fajardo, Diego de,
|d 1584-1648,
|e author.
|
| 700 |
1 |
|
|a Gracián y Morales, Baltasar,
|d 1601-1658,
|e author.
|
| 700 |
1 |
|
|a Río, Ángel del,
|d 1900-1962,
|e contributor agent of text.
|
| 791 |
2 |
|
|a Digitalia (Firm),
|e distributor.
|
| 793 |
0 |
|
|g Digitalia eBook Collection:
|a Editorial Océano
|
| 856 |
4 |
0 |
|3 Digitalia Hispánica
|u https://www.digitaliapublishing.com/a/85226/
|
| 910 |
|
|
|a Premium collection: 2024
|